| 000 | | | 04022cbm0a2200301#x 450 |
| 001 | | | 8cbea9dd-e1aa-4400-a0bf-06449a289972 |
| 005 | | | 20221118104916.0 |
| 100 | ## | $a | 20221105j19411218k###0rusy50 ca |
| 101 | 0# | $a | rus |
| 102 | ## | $a | US |
| 105 | ## | $a | y###z######## |
| 122 | 0# | $a | d19411218## |
| 200 | 1# | $a | Агентурное сообщение (шифртелеграмма) из Нью-Йорка о возможной победе СССР над Германией и японском нападении на Гонолулу |
| | $j | 18 декабря 1941 г. |
| 251 | ## | $c | Документ |
| 300 | ## | $a | Заверенная копия |
| 605 | ## | $2 | prlib_sh |
| | $3 | LIBNET\UAF\0000088514 |
| | $a | Вторая мировая война в архивных документах (Комплекс оцифрованных архивных документов, кино- и фотоматериалов) |
| | $l | коллекция |
| 606 | 1# | $2 | prlib_sh |
| | $3 | DITM\AF\0000002256 |
| | $a | Вторая мировая война |
| | $z | 1939 - 1945 |
| | $x | Международные отношения |
| | $j | Документы и материалы |
| 617 | ## | $a | США |
| | $f | 1941 |
| | $2 | prlib_sh |
| 617 | ## | $a | СССР |
| | $f | 1941 |
| | $2 | prlib_sh |
| 617 | ## | $a | Германия |
| | $f | 1941 |
| | $2 | prlib_sh |
| 617 | ## | $a | Япония |
| | $f | 1941 |
| | $2 | prlib_sh |
| 686 | ## | $a | 63.3(2)622,11-6ю1 |
| | $v | LBC/M |
| | $2 | rubbk |
| 686 | ## | $a | 63.3(0)62-6ю1 |
| | $v | LBC/M |
| | $2 | rubbk |
| 801 | #0 | $a | RU |
| | $b | Тюменская ОНБ |
| | $c | 20221105 |
| 801 | #1 | $a | RU |
| | $b | Тюменская ОНБ |
| | $c | 20221105 |
| | $2 | rusmarc |
| 801 | #2 | $a | RU |
| | $b | ПБ им. Б.Н. Ельцина |
| | $c | 20221118 |
| | $2 | rusmarc |
| 850 | ## | $a | Архив Службы внешней разведки России |
| 852 | ## | $a | Архив Службы внешней разведки России |
| 035 | ## | $a | LIBNET\0001284198 |
| 937 | ## | $d | 180752849 |
| | $h | Федеральное архивное агентство |
| 856 | 4# | $u | http://readingroom.main.prlib.ru/item.aspx?id_node=n180752849&mode=full |